Dancing Detective: A Deadly Tango (Record no. 391406)
[ view plain ]
| 000 -LEADER | |
|---|---|
| fixed length control field | 01421nam a2200325Ia 4500 |
| 005 - DATE AND TIME OF LATEST TRANSACTION | |
| control field | 20240530090925.0 |
| 007 - PHYSICAL DESCRIPTION FIXED FIELD--GENERAL INFORMATION | |
| fixed length control field | vd cvaizk |
| 008 - FIXED-LENGTH DATA ELEMENTS--GENERAL INFORMATION | |
| fixed length control field | 231208s2023 084 ## v eng d |
| 024 ## - OTHER STANDARD IDENTIFIER | |
| Standard number or code | 767685169438 |
| Qualifying information | (videorecording) |
| 040 ## - CATALOGING SOURCE | |
| Original cataloging agency | CTMMSN |
| Language of cataloging | eng |
| Description conventions | rda |
| Transcribing agency | CTMMSN |
| 082 #4 - DEWEY DECIMAL CLASSIFICATION NUMBER | |
| Classification number | [FIC] |
| 092 ## - LOCALLY ASSIGNED DEWEY CALL NUMBER (OCLC) | |
| Classification number | DVD |
| 245 00 - TITLE STATEMENT | |
| Title | Dancing Detective: A Deadly Tango |
| Medium | [videorecording]. |
| 264 ## - Production, Publication, Distribution, Manufacture, and Copyright Notice. | |
| Place of production, publication, distribution, manufacture | [Place of publication not identified?]: |
| Name of producer, publisher, distributor, manufacturer | Hallmark, |
| Date of production, publication, distribution, manufacture, or copyr | 2024 |
| 264 ## - Production, Publication, Distribution, Manufacture, and Copyright Notice. | |
| Place of production, publication, distribution, manufacture | Old Saybrook, Connecticut : |
| Name of producer, publisher, distributor, manufacturer | www.micromarketing.org |
| 300 ## - PHYSICAL DESCRIPTION | |
| Extent | [1 videodisc (approximately 84 minutes)?] : |
| Other physical details | sound, color; |
| Dimensions | 4 3/4 in. |
| 336 ## - Content Type | |
| Content type term | two-dimensional moving image |
| 337 ## - Media type | |
| Media type term | video |
| 338 ## - Carrier type | |
| Carrier type term | videodisc |
| 500 ## - GENERAL NOTE | |
| General note | [Typographic symbols and accents removed for systems compatibility.] |
| 500 ## - GENERAL NOTE | |
| General note | Widescreen edition. |
| 520 ## - SUMMARY, ETC. | |
| Summary, etc | Detective Constance Bailey, a no-nonsense detective, must go to Malta and reluctantly team up with Sebastian Moore, a charismatic British dance star, in order to solve a murder. Credits: Lacey Chabert. Directors: Stefan Scaini. Hallmark; 767685169438; 1 Disc(s); 84 min; Drama; NR; 01/16/24 |
| 521 ## - TARGET AUDIENCE NOTE | |
| Target audience note | Rating: NR. |
| 538 ## - SYSTEM DETAILS NOTE | |
| System details note | DVD, color, widescreen, NTSC. |
| 650 #7 - SUBJECT ADDED ENTRY--TOPICAL TERM | |
| Topical term or geographic name as entry element | Hallmark |
| Source of heading or term | bisacsh |
| 655 ## - INDEX TERM--GENRE/FORM | |
| Genre/form data or focus term | Video recordings. |
| Source of term | lcgft |
| 710 ## - ADDED ENTRY--CORPORATE NAME | |
| Corporate name or jurisdiction name as entry element | Hallmark |
| 9 (RLIN) | 5898091 |
| 942 ## - ADDED ENTRY ELEMENTS (KOHA) | |
| Source of classification or shelving scheme | Dewey Decimal Classification |
| Koha item type | DVD |
| 949 ## - LOCAL PROCESSING INFORMATION (OCLC) | |
| n | www.MicroMarketing.org 800-229-9887 |
| Withdrawn status | Lost status | Source of classification or shelving scheme | Damaged status | Not for loan | Collection code | Home library | Current library | Shelving location | Date acquired | Source of acquisition | Total Checkouts | Total Renewals | Full call number | Barcode | Date last seen | Date checked out | Cost, replacement price | Price effective from | Koha item type |
|---|---|---|---|---|---|---|---|---|---|---|---|---|---|---|---|---|---|---|---|
| Dewey Decimal Classification | Movies | Wasatch County Library | Wasatch County Library | Audio Visual Area | 03/01/2024 | Micromarketing | 3 | 3 | Movie Dancing | 34301002067553 | 05/10/2024 | 03/20/2024 | 14.99 | 03/01/2024 | DVD |
